000 00410nam a2200181Ia 4500
005 20250603144656.0
008 250603s9999 xx 000 0 und d
020 _a978-0-495-10179-6
050 _aP 90 .V43/
100 _aRudolph F. Verderber
245 0 _aCommunicate!
260 _aBelmont
260 _bThomson Wadsworth
260 _c2008
300 _a494 p
650 _aBelmont
942 _cBK
999 _c39621
_d39621